| 000 | 00690cam a2200217 a 4500 | ||
|---|---|---|---|
| 001 | 11956206 | ||
| 005 | 20250214155402.0 | ||
| 008 | 000328s2001 iaua b 001 0 eng | ||
| 020 | _a0697362442 (hardcover : recycled, acidfree paper) | ||
| 020 | _a0072358297 (pbk. : recycled, acidfree paper) | ||
| 020 | _a9780072358292 | ||
| 050 | 0 | 0 |
_aBF121 _b.L214 2001 |
| 082 | 0 | 0 |
_a150 _221 |
| 100 | 1 | _aLahey, Benjamin B. | |
| 245 | 1 | 0 |
_aPsychology : _ban introduction / _cBenjamin B. Lahey. |
| 250 | _a7th ed. | ||
| 260 |
_aBoston : _bMcGraw Hill, _cc2001. |
||
| 300 |
_a1 v. (various pagings) : _bill. (some col.) ; _c28 cm. |
||
| 650 | 0 |
_aPsychology _vTextbooks. |
|
| 942 |
_2lcc _cBK _e7th Ed. _n0 |
||
| 999 |
_c3869 _d3869 |
||